DYNAMIKA VOZIDLA S HYBRIDNÝM A ELEKTRICKÝM POHONOM.[CD-ROM] : bakalárska práca

Guardado en:
Detalles Bibliográficos
Autor principal: Braniša, Jozef, 1985- (Autor)
Otros Autores: Hanečková, Kristína, 1984- (xxx)
Formato: Manuscrito Libro
Lenguaje:eslovaco
Publicado: Bratislava : STU v Bratislave SjF, 2008
Edición:1.vyd
Materias:
Etiquetas: Agregar Etiqueta
Sin Etiquetas, Sea el primero en etiquetar este registro!

MARC

LEADER 00000ntm a22000003a 4500
001 stu181529
005 20150617225603.5
008 090313s2008----xo------------------slo-d
040 |a STU  |b slo 
041 0 |a slo 
044 |a xo 
100 1 |a Braniša, Jozef,  |d 1985-  |4 aut  |u J0030  |9 100  |U SjF Strojnícka fakulta  |T SjF Ústav dopravnej techniky a konštruovania  |X 27218  |U J0030  |Y 806  |7 A000027218 
245 1 |a DYNAMIKA VOZIDLA S HYBRIDNÝM A ELEKTRICKÝM POHONOM.[CD-ROM] :  |b bakalárska práca 
250 |a 1.vyd 
260 |a Bratislava :  |b STU v Bratislave SjF,  |c 2008 
300 |a 40 s 
650 7 |a jazdné odpory  |2 stusub 
650 7 |a otáčková charakteristika  |2 stusub 
650 7 |a driving resistances  |2 estusub 
650 7 |a driving power  |2 estusub 
700 1 |a Hanečková, Kristína,  |d 1984-  |4 xxx  |u J0030  |U SjF Strojnícka fakulta  |T SjF Ústav dopravnej techniky a konštruovania  |X 28240  |U J0030  |Y 806  |7 A000028240 
996 |b 284J035298  |c J*298/BP  |l JJSK  |s A  |a 24  |w stu181529_0001